[Event "Barcelona Sants op 17th"]
[Site "Barcelona"]
[Date "2015.08.29"]
[Round "9"]
[White "Apap, Hugo"]
[Black "Mateus, Alejandro"]
[Result "0-1"]
[WhiteElo "2152"]
[BlackElo "2283"]
[PlyCount "68"]
[EventDate "2015.08.21"]
[EventType "swiss"]
[EventRounds "10"]
[EventCountry "ESP"]
[SourceTitle "EXT 2016"]
[Source "ChessBase"]
[SourceDate "2015.10.08"]
[SourceVersion "1"]
[SourceVersionDate "2015.10.08"]
[SourceQuality "1"]

1. d4 d5 2. c4 c6 3. Nf3 Nf6 4. Nc3 e6 5. e3 Nbd7 6. Qc2 Bd6 7. b3 Qe7 8. Be2 0-0 9. 0-0 dxc4 10. bxc4 e5 11. Re1 Re8 12. Bb2 Ng4 13. h3 Ngf6 14. Bf1 e4 15. Nd2 Nf8 16. g3 h5 17. Bg2 Bf5 18. f4 Qe6 19. Kh2 N8h7 20. Qb3 Rad8 21. Ba3 Bb8 22. h4 Qd7 23. Rab1 b6 24. Rbd1 Bg4 25. Rc1 Bf3 26. Nd1 Ng4+ 27. Kg1 Bxg2 28. Kxg2 Kh8 29. Qc2 Nhf6 30. Nc3 Qf5 31. Nb3 Qg6 32. c5 Nh6 33. Qf2 Nf5 34. Kf1 Nxg3+ 0-1

[Event "Barcelona Sants op 17th"]
[Site "Barcelona"]
[Date "2015.08.24"]
[Round "4"]
[White "Van der Lende, Ilias"]
[Black "Apap, Hugo"]
[Result "1-0"]
[WhiteElo "2332"]
[BlackElo "2152"]
[PlyCount "103"]
[EventDate "2015.08.21"]
[EventType "swiss"]
[EventRounds "10"]
[EventCountry "ESP"]
[SourceTitle "EXT 2016"]
[Source "ChessBase"]
[SourceDate "2015.10.08"]
[SourceVersion "1"]
[SourceVersionDate "2015.10.08"]
[SourceQuality "1"]

1. d4 d5 2. Nf3 Nf6 3. c4 e6 4. Nc3 c6 5. g3 Bd6 6. Bg2 Nbd7 7. 0-0 dxc4 8. e4 e5 9. dxe5 Nxe5 10. Nxe5 Bxe5 11. Qxd8+ Kxd8 12. Rd1+ Kc7 13. h3 Be6 14. f4 Bxc3 15. bxc3 Rad8 16. Rxd8 Rxd8 17. f5 Bc8 18. Bf4+ Kb6 19. Be3+ Ka6 20. Bd4 Re8 21. Bxf6 gxf6 22. Rd1 Kb5 23. Rd6 Ka4 24. Rxf6 Ka3 25. Rxf7 Kb2 26. Rf6 Kxc3 27. Rd6 Kb2 28. Rd2+ Kc1 29. Rf2 c3 30. f6 Be6 31. e5 Rd8 32. Be4 Rd1+ 33. Kg2 Rd2 34. Bxh7 Bd5+ 35. Kg1 Rd1+ 36. Rf1 Rxf1+ 37. Kxf1 Bc4+ 38. Kf2 Bxa2 39. h4 a5 40. h5 a4 41. h6 Bd5 42. e6 Bxe6 43. Bg6 c2 44. Bxc2 Kxc2 45. h7 a3 46. h8Q a2 47. Qh7+ Kc1 48. Qxb7 a1Q 49. Qxc6+ Kd2 50. Qd6+ Kc2 51. Qxe6 Qa7+ 52. Kf3 1-0

[Event "FRA-ch U16"]
[Site "Pau"]
[Date "2015.05.01"]
[Round "7"]
[White "Apap, Hugo"]
[Black "Pigeat, Alexandre"]
[Result "0-1"]
[WhiteElo "2079"]
[BlackElo "2066"]
[PlyCount "90"]
[EventDate "2015.04.26"]
[EventType "swiss"]
[EventRounds "9"]
[EventCountry "FRA"]
[SourceTitle "CBM 166 Extra"]
[Source "ChessBase"]
[SourceDate "2015.06.18"]
[SourceVersion "1"]
[SourceVersionDate "2015.06.18"]
[SourceQuality "1"]

1. d4 d5 2. c4 c6 3. Nc3 dxc4 4. a4 e5 5. dxe5 Qxd1+ 6. Nxd1 Na6 7. e4 Be6 8. f4 g6 9. Ne3 Bb4+ 10. Kf2 Nc5 11. Bxc4 0-0-0 12. Bxe6+ fxe6 13. Kf3 Nb3 14. Rb1 Bd2 15. Bxd2 Nxd2+ 16. Ke2 Nxb1 17. Nf3 Nh6 18. Rxb1 Nf7 19. g4 h5 20. g5 Rhf8 21. Ng2 Rd7 22. Ngh4 Nh8 23. Ke3 Kc7 24. Rg1 Rfd8 25. f5 Rd3+ 26. Ke2 Rb3 27. fxg6 Rxb2+ 28. Ke3 Rb3+ 29. Ke2 Rg8 30. Nd4 Rb2+ 31. Ke3 Kd7 32. Ne2 Rb3+ 33. Kf2 Rf8+ 34. Kg2 Rb2 35. Re1 Rg8 36. Kh3 Rb3+ 37. Ng3 Ke7 38. Rf1 b5 39. axb5 Rxb5 40. Nxh5 Nxg6 41. Nxg6+ Rxg6 42. Kg4 Rxe5 43. h4 Rxe4+ 44. Nf4 e5 45. Kh5 Rxf4 0-1

[Event "EU-ch U16 24th"]
[Site "Batumi"]
[Date "2014.10.23"]
[Round "5"]
[White "Ostapchik, Anton"]
[Black "Apap, Hugo"]
[Result "1-0"]
[WhiteElo "2084"]
[BlackElo "1946"]
[PlyCount "51"]
[EventDate "2014.10.19"]
[EventType "swiss"]
[EventRounds "9"]
[EventCountry "GEO"]
[SourceTitle "EXT 2015"]
[Source "ChessBase"]
[SourceDate "2014.11.20"]
[SourceVersion "1"]
[SourceVersionDate "2014.11.20"]
[SourceQuality "1"]

1. e4 c5 2. Nf3 a6 3. c3 e6 4. d4 d5 5. e5 Bd7 6. Bd3 cxd4 7. cxd4 Bb5 8. Bxb5+ axb5 9. Qd3 Bb4+ 10. Nc3 Qd7 11. 0-0 Bxc3 12. bxc3 Ne7 13. Rb1 Ra5 14. Bd2 Na6 15. Rb2 Nc7 16. h4 h5 17. Qe2 Ra4 18. Ne1 Nc6 19. Nd3 b6 20. Nf4 g6 21. Nd3 Na5 22. Bg5 Nc4 23. Rc2 Qc6 24. Qf3 Qd7 25. Qf6 0-0 26. Bh6 1-0

[Event "Vaujany op 5th"]
[Site "Vaujany"]
[Date "2014.07.10"]
[Round "1.24"]
[White "Apap, Hugo"]
[Black "Grimm, Daniel"]
[Result "0-1"]
[WhiteElo "1888"]
[BlackElo "2249"]
[PlyCount "68"]
[EventDate "2014.07.10"]
[EventType "swiss"]
[EventRounds "9"]
[EventCountry "FRA"]
[SourceTitle "EXT 2017"]
[Source "ChessBase"]
[SourceDate "2016.10.25"]
[SourceVersion "1"]
[SourceVersionDate "2016.10.25"]
[SourceQuality "1"]

1. d4 Nf6 2. c4 c6 3. Nc3 d5 4. Nf3 dxc4 5. a4 e6 6. e3 c5 7. Bxc4 Nc6 8. 0-0 cxd4 9. Nxd4 Bd7 10. b3 a6 11. Bb2 Qb8 12. Qe2 Ne5 13. f4 Nxc4 14. Qxc4 Bd6 15. h3 0-0 16. f5 e5 17. Nc2 Bc6 18. e4 Qa7+ 19. Kh2 Rac8 20. Qe2 Qb8 21. Rac1 Bc5 22. g3 Rfd8 23. Rf3 Bd4 24. Nb4 Qd6 25. Nxc6 Rxc6 26. Rd3 Rdc8 27. Rcd1 h6 28. R1d2 Nd7 29. b4 Nb6 30. Nd1 Rc4 31. a5 Nd7 32. Bxd4 exd4 33. Qf2 Ne5 34. Rb3 Rxb4 0-1

[Event "FRA-chT U20"]
[Site "Marseille"]
[Date "2013.12.07"]
[Round "?"]
[White "Pigeat, Alexandre"]
[Black "Apap, Hugo"]
[Result "1-0"]
[WhiteElo "2002"]
[BlackElo "1908"]
[PlyCount "93"]
[EventDate "2013.12.07"]
[EventType "team-match"]
[EventRounds "5"]
[EventCountry "FRA"]
[SourceTitle "EXT 2015"]
[Source "ChessBase"]
[SourceDate "2014.11.20"]
[SourceVersion "1"]
[SourceVersionDate "2014.11.20"]
[SourceQuality "1"]

1. d4 d5 2. c4 c6 3. Nf3 e6 4. Qc2 Nf6 5. Bg5 h6 6. Bd2 Bd6 7. Nc3 Nbd7 8. e4 dxe4 9. Nxe4 Nxe4 10. Qxe4 0-0 11. Bd3 Nf6 12. Qe2 Re8 13. 0-0 e5 14. dxe5 Bg4 15. Bc3 Nd7 16. h3 Bxe5 17. hxg4 Bxc3 18. Qc2 Bf6 19. Rad1 Qc7 20. Bf5 Nf8 21. c5 g6 22. Bd3 Qf4 23. Qb3 Rab8 24. Bc4 Ne6 25. Bxe6 Rxe6 26. Rd7 Re7 27. Rd6 Bg7 28. Rxg6 Kh8 29. Rd6 Qxg4 30. Rxc6 Rg8 31. Rd6 Kh7 32. Qd3+ f5 33. Nh2 Qh5 34. Rd7 Re4 35. Qf3 Qg6 36. Rxb7 Kh8 37. Qh3 Bf6 38. g3 Rh4 39. Qg2 Bd4 40. Rb3 f4 41. g4 h5 42. Rh3 Qf6 43. Rxh4 Qxh4 44. Qe4 Qf6 45. Qd5 Be5 46. Re1 Bxb2 47. Re6 1-0

[Event "EU-ch U14 23rd"]
[Site "Budva"]
[Date "2013.10.08"]
[Round "9"]
[White "Lecomte, Robin"]
[Black "Apap, Hugo"]
[Result "0-1"]
[WhiteElo "2038"]
[BlackElo "1856"]
[PlyCount "82"]
[EventDate "2013.09.29"]
[EventType "swiss"]
[EventRounds "9"]
[EventCountry "MNE"]
[SourceTitle "EXT 2014"]
[Source "ChessBase"]
[SourceDate "2013.11.20"]
[SourceVersion "1"]
[SourceVersionDate "2013.11.20"]
[SourceQuality "1"]

1. c4 c6 2. e4 d5 3. exd5 cxd5 4. d4 Nc6 5. Nf3 Bg4 6. cxd5 Qxd5 7. Nc3 Bxf3 8. Nxd5 Bxd1 9. Nc7+ Kd7 10. Nxa8 Bh5 11. Bf4 e6 12. Bb5 Bb4+ 13. Kf1 Bd6 14. Bxc6+ bxc6 15. Bxd6 Kxd6 16. f3 Ne7 17. Kf2 Rxa8 18. Rac1 Bg6 19. Rc4 Rb8 20. b3 a5 21. Rhc1 Rb4 22. Ke2 Rxc4 23. Rxc4 Kc7 24. b4 Kb6 25. a3 a4 26. Kd2 Nf5 27. Kc3 Nd6 28. Rc5 Nb5+ 29. Kb2 Bd3 30. Rc1 Kc7 31. Rd1 Bc4 32. Rd2 Kd6 33. Rd1 Kd5 34. Rd2 Bb3 35. f4 Nd6 36. Rd3 Nc4+ 37. Kc3 Nxa3 38. Kb2 Nb5 39. Rd2 Bc4 40. g3 a3+ 41. Ka1 Nxd4 0-1

[Event "EU-ch U14 23rd"]
[Site "Budva"]
[Date "2013.09.30"]
[Round "2"]
[White "Apap, Hugo"]
[Black "Martynov, Petr"]
[Result "1-0"]
[WhiteElo "1856"]
[BlackElo "1660"]
[PlyCount "61"]
[EventDate "2013.09.29"]
[EventType "swiss"]
[EventRounds "9"]
[EventCountry "MNE"]
[SourceTitle "EXT 2014"]
[Source "ChessBase"]
[SourceDate "2013.11.20"]
[SourceVersion "1"]
[SourceVersionDate "2013.11.20"]
[SourceQuality "1"]

1. d4 d5 2. c4 e6 3. Nc3 Be7 4. Bf4 Nf6 5. Nf3 0-0 6. e3 b6 7. Be2 Bb7 8. h3 a6 9. 0-0 Nbd7 10. Rc1 Rc8 11. Nd2 c5 12. Bf3 Re8 13. Re1 Nf8 14. dxc5 Bxc5 15. Bg5 Ng6 16. cxd5 exd5 17. Qb3 Re5 18. Bxf6 Qxf6 19. Bg4 Rd8 20. Nf3 Ree8 21. Na4 Rb8 22. Nxc5 bxc5 23. Rxc5 d4 24. Nxd4 Bxg2 25. Qc4 Rxb2 26. Rf5 Ne5 27. Qc3 Qb6 28. Rxe5 Rb8 29. Kxg2 Qb7+ 30. Qc6 Qb4 31. Re8+ 1-0

[Event "FRA-chT U20 16 GP Basse 1213"]
[Site "France"]
[Date "2013.05.19"]
[Round "10"]
[White "Apap, Hugo"]
[Black "Nguyen, Vincent1"]
[Result "1-0"]
[WhiteElo "1770"]
[BlackElo "1800"]
[PlyCount "89"]
[EventDate "2012.12.01"]
[EventType "team"]
[EventRounds "11"]
[EventCountry "FRA"]
[SourceTitle "EXT 2014"]
[Source "ChessBase"]
[SourceDate "2013.11.20"]
[SourceVersion "1"]
[SourceVersionDate "2013.11.20"]
[SourceQuality "1"]
[WhiteTeam "Monaco (U20)"]
[BlackTeam "Saint Mande U20"]
[WhiteTeamCountry "FRA"]
[BlackTeamCountry "FRA"]

1. d4 d5 2. c4 e5 3. dxe5 d4 4. Nf3 Nc6 5. a3 Nge7 6. b3 Ng6 7. Bb2 Ncxe5 8. Nxe5 Nxe5 9. Qxd4 Qxd4 10. Bxd4 f6 11. g3 Bd7 12. Bg2 Bc6 13. 0-0 Be7 14. h3 0-0-0 15. Bc3 Rd7 16. Nd2 Bxg2 17. Kxg2 Rhd8 18. f4 Nc6 19. Nf3 Bc5 20. b4 Bd4 21. Nxd4 Nxd4 22. Kf2 Re8 23. Ra2 Nf5 24. Rd2 Re3 25. Rxd7 Kxd7 26. Rd1+ Ke6 27. Rd3 Rxd3 28. exd3 h5 29. g4 hxg4 30. hxg4 Nh6 31. Kf3 g6 32. Bxf6 Nf7 33. Bd4 a6 34. a4 c6 35. a5 Nd6 36. Be5 Nc8 37. Ke4 Ne7 38. d4 Kd7 39. f5 gxf5+ 40. gxf5 Ke8 41. d5 cxd5+ 42. cxd5 Kf7 43. Bc7 Ke8 44. Ke5 Kf7 45. Bd8 1-0

[Event "FRA-ch U14"]
[Site "Saint Paul Trois Chateaux"]
[Date "2013.05.06"]
[Round "9"]
[White "Guerry, Emilien"]
[Black "Apap, Hugo"]
[Result "1/2-1/2"]
[WhiteElo "1739"]
[BlackElo "1792"]
[PlyCount "139"]
[EventDate "2013.04.28"]
[EventType "swiss"]
[EventRounds "9"]
[EventCountry "FRA"]
[SourceTitle "CBM 154 Extra"]
[Source "ChessBase"]
[SourceDate "2013.06.25"]
[SourceVersion "2"]
[SourceVersionDate "2013.06.25"]
[SourceQuality "1"]

1. e4 d6 2. d4 Nf6 3. Nc3 e5 4. Nf3 Nbd7 5. Bc4 Be7 6. 0-0 0-0 7. h3 c6 8. a4 a5 9. Be3 exd4 10. Bxd4 Nb6 11. Ba2 h6 12. Re1 c5 13. Be3 Bd7 14. e5 dxe5 15. Nxe5 Bf5 16. Qe2 Bd6 17. Rad1 Qb8 18. Bf4 Ne4 19. Nxf7 Rxf7 20. Bxf7+ Kxf7 21. Bxd6 Nxd6 22. Qe7+ Kg8 23. Qxd6 Qxd6 24. Rxd6 Nc4 25. Rd5 Bxc2 26. Rxc5 Nxb2 27. Rb5 Nxa4 28. Nxa4 Bxa4 29. Rxb7 Be8 30. Ree7 g6 31. Rg7+ Kf8 32. Rh7 Kg8 33. Rbg7+ Kf8 34. Ra7 Rxa7 35. Rxa7 a4 36. g4 Kg8 37. f4 Kf8 38. Kf2 Kg8 39. h4 Kf8 40. f5 gxf5 41. gxf5 Bb5 42. f6 Bc6 43. Ke3 Bb5 44. Ke4 Bc6+ 45. Ke5 Bb5 46. Kf5 Bd3+ 47. Kf4 Bc2 48. Ke5 Bb3 49. Ra8+ Kf7 50. Rh8 Kg6 51. Ra8 Kf7 52. Ra7+ Kf8 53. h5 Bc2 54. Kf4 Bb3 55. Ke5 Bc2 56. Rc7 Bb3 57. f7 Bxf7 58. Kf6 Bxh5 59. Rh7 Ke8 60. Rxh6 Bd1 61. Rh1 Bb3 62. Ke5 Kd7 63. Kd4 Kc6 64. Kc3 Kd5 65. Rh4 Kc5 66. Kb2 Kd5 67. Kc3 Ke5 68. Kb2 Kd5 69. Kc3 Ke5 70. Kb2 1/2-1/2

[Event "FRA-chT U20 GpA 1213"]
[Site "France"]
[Date "2013.01.04"]
[Round "4"]
[White "Apap, Hugo"]
[Black "Guerry, Emilien"]
[Result "1-0"]
[WhiteElo "1770"]
[BlackElo "1582"]
[PlyCount "82"]
[EventDate "2012.12.01"]
[EventType "team"]
[EventRounds "7"]
[EventCountry "FRA"]
[SourceTitle "EXT 2014"]
[Source "ChessBase"]
[SourceDate "2013.11.20"]
[SourceVersion "1"]
[SourceVersionDate "2013.11.20"]
[SourceQuality "1"]
[WhiteTeam "Monaco (U20)"]
[BlackTeam "Mulhouse (U20)"]
[WhiteTeamCountry "FRA"]
[BlackTeamCountry "FRA"]

1. d4 d5 2. c4 e6 3. Nc3 Nf6 4. Nf3 c6 5. e3 Bd6 6. Qc2 0-0 7. Bd3 Nbd7 8. 0-0 b6 9. cxd5 exd5 10. e4 dxe4 11. Nxe4 Qc7 12. Bg5 Nxe4 13. Bxe4 h6 14. Qxc6 Qxc6 15. Bxc6 hxg5 16. Bxa8 Ba6 17. Bc6 Bxf1 18. Kxf1 g4 19. Bxd7 gxf3 20. g3 Rd8 21. Bg4 Be7 22. Rd1 Bf6 23. d5 Bxb2 24. d6 Be5 25. d7 Kf8 26. Bxf3 Ke7 27. Bc6 Bc7 28. Kg2 Ke6 29. Rd3 Ke7 30. f4 f6 31. Kf3 Kf7 32. Re3 Bb8 33. Re8 Bc7 34. f5 g6 35. Bd5+ Kg7 36. Re7+ Kh6 37. fxg6 Kxg6 38. h4 Bd6 39. Bf7+ Kh6 40. Re6 Rxd7 41. Be8 Rd8 1-0

[Event "FRA-chT U20 GpA 1213"]
[Site "France"]
[Date "2012.12.02"]
[Round "3"]
[White "Apap, Hugo"]
[Black "Coiffait, Pierre Basile"]
[Result "0-1"]
[WhiteElo "1770"]
[BlackElo "1797"]
[PlyCount "65"]
[EventDate "2012.12.01"]
[EventType "team"]
[EventRounds "7"]
[EventCountry "FRA"]
[SourceTitle "EXT 2014"]
[Source "ChessBase"]
[SourceDate "2013.11.20"]
[SourceVersion "1"]
[SourceVersionDate "2013.11.20"]
[SourceQuality "1"]
[WhiteTeam "Monaco (U20)"]
[BlackTeam "Cannes (U20)"]
[WhiteTeamCountry "FRA"]
[BlackTeamCountry "FRA"]

1. d4 Nf6 2. c4 g6 3. Nc3 d5 4. Bf4 Bg7 5. e3 Bf5 6. Qb3 b6 7. cxd5 0-0 8. Bc4 a6 9. a4 Kh8 10. Nf3 Nbd7 11. h3 b5 12. axb5 axb5 13. Rxa8 Qxa8 14. Bxb5 Qa1+ 15. Nd1 Qa5+ 16. Ke2 Rb8 17. Nc3 Ne4 18. Nd2 Nxc3+ 19. bxc3 Rxb5 20. Bxc7 Qa6 21. Qc4 Nb6 22. Ra1 Nxc4 23. Rxa6 Rb2 24. Ra8+ Bf8 25. Rxf8+ Kg7 26. Rb8 Rxd2+ 27. Kf3 Rc2 28. Re8 Kf6 29. Bd8 Nd2+ 30. Kg3 Ne4+ 31. Kh4 g5+ 32. Kh5 Kg7 33. h4 0-1

[Event "FRA-ch op-C"]
[Site "Pau"]
[Date "2012.08.22"]
[Round "8"]
[White "Apap, Hugo"]
[Black "Finkel, Julie"]
[Result "1/2-1/2"]
[WhiteElo "1769"]
[BlackElo "1703"]
[PlyCount "109"]
[EventDate "2012.08.14"]
[EventType "swiss"]
[EventRounds "11"]
[EventCountry "FRA"]
[SourceTitle "EXT 2014"]
[Source "ChessBase"]
[SourceDate "2013.11.20"]
[SourceVersion "1"]
[SourceVersionDate "2013.11.20"]
[SourceQuality "1"]

1. d4 d6 2. c4 g6 3. Nc3 Bg7 4. e4 Nf6 5. f3 0-0 6. Be3 c6 7. Bd3 Na6 8. Nge2 Nc7 9. 0-0 d5 10. e5 Nd7 11. c5 b6 12. b4 Ne6 13. f4 f5 14. Qd2 Bb7 15. h3 a5 16. a3 Ba6 17. Rfc1 Bxd3 18. Qxd3 axb4 19. axb4 bxc5 20. dxc5 g5 21. Nd4 Nxd4 22. Qxd4 gxf4 23. Bxf4 Qc7 24. Rxa8 Rxa8 25. Nxd5 Qd8 26. Nb6 Nxe5 27. Bxe5 Qxd4+ 28. Bxd4 Bxd4+ 29. Kf1 Ra2 30. Rc4 e5 31. Nc8 Kf8 32. Nd6 Rf2+ 33. Ke1 Be3 34. g4 f4 35. Re4 Rb2 36. Rxe5 Rxb4 37. Re8+ Kg7 38. Nf5+ Kf7 39. Re7+ Kf6 40. Rc7 Rc4 41. Rxc6+ Kg5 42. Nxe3 Re4 43. Rc8 Rxe3+ 44. Kd2 Rxh3 45. c6 Rh2+ 46. Kd1 Rh1+ 47. Ke2 Rc1 48. c7 Kh4 49. Kf3 Rc4 50. g5 Kh5 51. g6 Kh6 52. Rh8 Rxc7 53. Rxh7+ Rxh7 54. gxh7 Kxh7 55. Kxf4 1/2-1/2

[Event "Paris-ch op-C 87th"]
[Site "Paris"]
[Date "2012.07.12"]
[Round "6"]
[White "Apap, Hugo"]
[Black "Julien, Jules Alois"]
[Result "1/2-1/2"]
[WhiteElo "1738"]
[BlackElo "1827"]
[PlyCount "97"]
[EventDate "2012.07.07"]
[EventType "swiss"]
[EventRounds "9"]
[EventCountry "FRA"]
[SourceTitle "EXT 2014"]
[Source "ChessBase"]
[SourceDate "2013.11.20"]
[SourceVersion "1"]
[SourceVersionDate "2013.11.20"]
[SourceQuality "1"]

1. d4 Nf6 2. c4 e6 3. Nc3 Bb4 4. Qc2 0-0 5. Bg5 d5 6. e3 Nbd7 7. Nf3 c6 8. a3 Qa5 9. Rb1 Bxc3+ 10. Qxc3 Qxc3+ 11. bxc3 Ne4 12. Rc1 f6 13. Bf4 g5 14. Bc7 Rf7 15. cxd5 exd5 16. h3 Nf8 17. Bh2 Bf5 18. Nd2 Nxd2 19. Kxd2 b5 20. Bd3 Bxd3 21. Kxd3 Re8 22. Ra1 a5 23. a4 bxa4 24. Rxa4 Ra7 25. Rha1 Rea8 26. Bd6 Nd7 27. Bb4 c5 28. Rxa5 c4+ 29. Kc2 Rxa5 30. Rxa5 Rxa5 31. Bxa5 Kf7 32. g4 Ke6 33. f4 f5 34. fxg5 fxg4 35. hxg4 Nf8 36. Bb4 Nd7 37. Kd2 Kf7 38. Ke2 Kg6 39. Be7 Nb6 40. Bd8 Nc8 41. Bc7 Kxg5 42. Kf3 Na7 43. Bf4+ Kh4 44. e4 dxe4+ 45. Kxe4 Nb5 46. Bd2 Kxg4 47. d5 h5 48. Be1 h4 49. Bxh4 1/2-1/2

[Event "Paris-ch op-C 87th"]
[Site "Paris"]
[Date "2012.07.12"]
[Round "5"]
[White "Mayot, Philippe"]
[Black "Apap, Hugo"]
[Result "0-1"]
[WhiteElo "1885"]
[BlackElo "1738"]
[PlyCount "88"]
[EventDate "2012.07.07"]
[EventType "swiss"]
[EventRounds "9"]
[EventCountry "FRA"]
[SourceTitle "EXT 2014"]
[Source "ChessBase"]
[SourceDate "2013.11.20"]
[SourceVersion "1"]
[SourceVersionDate "2013.11.20"]
[SourceQuality "1"]

1. d4 d5 2. c4 c6 3. Nf3 e6 4. e3 Nf6 5. Nc3 Nbd7 6. Bd3 Bd6 7. 0-0 0-0 8. Qc2 dxc4 9. Bxc4 b5 10. Bd3 a6 11. Ne4 Qc7 12. Nxd6 Qxd6 13. Bd2 h6 14. b4 Bb7 15. e4 e5 16. dxe5 Nxe5 17. Nxe5 Qxe5 18. Bc3 Qe7 19. Rfe1 Rfd8 20. Bf1 Rd7 21. Qb2 Rad8 22. Re3 Kf8 23. Be2 Ne8 24. Re1 Qe6 25. h3 Qg6 26. Rg3 Qh7 27. Bg4 Re7 28. Bf5 g6 29. Bg4 h5 30. Bd1 Qh6 31. e5 Bc8 32. Bb3 Be6 33. Rd1 Rxd1+ 34. Bxd1 Rd7 35. Bc2 h4 36. Re3 Nc7 37. Bd4 Nd5 38. Bc5+ Kg8 39. Rf3 Qg5 40. Ra3 Nf4 41. Be4 Rd1+ 42. Kh2 Nxg2 43. Qe2 Ne3 44. Bxe3 Qg1# 0-1

[Event "FRA-ch U12"]
[Site "Montlucon"]
[Date "2011.04.18"]
[Round "3"]
[White "Apap, Hugo"]
[Black "Vigna, Leo"]
[Result "1-0"]
[WhiteElo "1504"]
[BlackElo "1689"]
[PlyCount "109"]
[EventDate "2011.04.17"]
[EventType "swiss"]
[EventRounds "9"]
[EventCountry "FRA"]
[SourceTitle "CBM 142 Extra"]
[Source "ChessBase"]
[SourceDate "2011.06.27"]
[SourceVersion "1"]
[SourceVersionDate "2011.06.27"]
[SourceQuality "1"]

1. d4 Nf6 2. c4 e6 3. a3 b6 4. Nc3 Bb7 5. Nf3 Be7 6. Bf4 0-0 7. h3 d6 8. e3 Nbd7 9. Be2 Re8 10. 0-0 Bf8 11. Qc2 g6 12. Rfd1 Bg7 13. b4 Qe7 14. Rac1 e5 15. Bh2 exd4 16. Nxd4 a6 17. Bf3 Bxf3 18. Nxf3 Ne5 19. Nxe5 dxe5 20. Nd5 Nxd5 21. cxd5 Rac8 22. f4 Red8 23. Qc4 e4 24. Rc2 Kh8 25. Rdc1 Rd7 26. Qxa6 Qd8 27. Qxb6 Rxd5 28. Qc6 Rd1+ 29. Rxd1 Qxd1+ 30. Kf2 Rd8 31. Re2 h5 32. Qxe4 Rd2 33. Qf3 Bb2 34. Rxd2 Qxd2+ 35. Qe2 Qxe2+ 36. Kxe2 Bxa3 37. b5 f5 38. e4 fxe4 39. Ke3 Bd6 40. Kxe4 g5 41. Kf5 g4 42. hxg4 hxg4 43. Kxg4 Kg7 44. Kh3 Kf6 45. g4 Bc5 46. f5 Bb6 47. Kh4 Bf2+ 48. Kh5 Bb6 49. Bg3 Kf7 50. g5 Kg7 51. f6+ Kf7 52. Kh6 Kg8 53. Bf4 Kh8 54. f7 Bc5 55. Be5# 1-0

[Event "FRA-chT U20 0809"]
[Site "Sautron"]
[Date "2009.01.02"]
[Round "6.9"]
[White "Apap, Hugo"]
[Black "Roque, Gaetan"]
[Result "0-1"]
[WhiteElo "1380"]
[BlackElo "1470"]
[PlyCount "35"]
[EventDate "2008.10.??"]
[EventType "team-tourn"]
[EventRounds "11"]
[EventCountry "FRA"]
[SourceTitle "EXT 2010"]
[Source "ChessBase"]
[SourceDate "2010.11.25"]
[SourceVersion "1"]
[SourceVersionDate "2010.11.25"]
[SourceQuality "1"]

1. e4 c6 2. c4 d5 3. Nc3 dxe4 4. Nxe4 Nf6 5. Qf3 Be6 6. d3 g6 7. g3 Bg7 8. Bg2 0-0 9. Ne2 Qc8 10. 0-0 Bh3 11. Nf4 Bxg2 12. Kxg2 Nfd7 13. d4 e5 14. dxe5 Nxe5 15. Qe2 c5 16. b3 Qc6 17. Re1 Ned7 18. Kg1 0-1

[Event "FRA-chT U20 0809"]
[Site "Sautron"]
[Date "2009.01.02"]
[Round "4.8"]
[White "Weyegar, Angelvy Joe"]
[Black "Apap, Hugo"]
[Result "1-0"]
[WhiteElo "1270"]
[BlackElo "1380"]
[PlyCount "59"]
[EventDate "2008.10.??"]
[EventType "team-tourn"]
[EventRounds "11"]
[EventCountry "FRA"]
[SourceTitle "EXT 2010"]
[Source "ChessBase"]
[SourceDate "2010.11.25"]
[SourceVersion "1"]
[SourceVersionDate "2010.11.25"]
[SourceQuality "1"]

1. d4 d5 2. c4 c6 3. Nc3 Nf6 4. Nf3 Bf5 5. Bf4 Nbd7 6. e3 e6 7. Bg5 Be7 8. Be2 Qc7 9. 0-0 0-0-0 10. Bf4 Bd6 11. Bxd6 Qxd6 12. c5 Qc7 13. b4 a6 14. a4 Be4 15. b5 Qa5 16. Qc1 Rhe8 17. Qa3 e5 18. bxc6 bxc6 19. Ng5 Re7 20. f3 exd4 21. exd4 Bf5 22. Rfe1 h6 23. Bxa6+ Qxa6 24. Rxe7 hxg5 25. Rxf7 g6 26. a5 Re8 27. Na4 Qxa5 28. Nb6+ Qxb6 29. cxb6 Nb8 30. Qd6 1-0